|
|
|
|
| LEADER |
00779nam a2200193Ia 4500 |
| 001 |
CTU_26699 |
| 008 |
210402s9999 xx 000 0 und d |
| 082 |
|
|
|a 947
|
| 082 |
|
|
|b S464/1987
|
| 100 |
|
|
|a Trương Phú Sơn
|
| 245 |
|
0 |
|a Khởi nghĩa vũ trang và nghệ thuật khởi nghĩa vũ trang trong Cách mạng Tháng Mười
|
| 245 |
|
0 |
|b Luận văn tốt nghiệp Đại học Sư phạm ngành Sử Khóa 09
|
| 245 |
|
0 |
|c Trương Phú Sơn
|
| 260 |
|
|
|a Cần Thơ
|
| 260 |
|
|
|b Trường Đại học Cần Thơ, Khoa Sư phạm, Bộ môn Sử
|
| 260 |
|
|
|c 1987
|
| 650 |
|
|
|a soviet union - history
|
| 904 |
|
|
|i Nguyễn Quang Điền, 981017
|
| 980 |
|
|
|a Trung tâm Học liệu Trường Đại học Cần Thơ
|